000 00473nam a2200193 a 4500
001 BRCA_6191
005 20190320205351.0
008 120711s1932----nyu#######---#000-0#eng-#
041 _aeng
044 _anyu
050 4 _aPZ3 CH4637
_b.P47 1932
245 1 0 _aPeril at end house
_cAgatha Christie
260 _aNueva York
_bModern Age Books
_c1938
300 _a177 p.
_c19 cm.
500 _aI51
650 1 4 _aNovelas policĂ­acas
_9877
902 _aGFM
942 _2lcc
_cB
999 _c5878
_d5878